1270 1682 1056 1705 1954 1454 1671 1620 1430 1039 1809 1291 1111 1137 1648 1076 1395 1496 1745 1153 1858 1546 1143 1305 1131 1241 1754 1225 1989 1569 1905 1555 1404 1752 1251 1847 1514 1638 1559 1230 1286 1630 1003 1906 1218 1629 1119 1423 1234 1673 1080 1595 1912 1250 1176 1160 1952 1503 1645 1948 1883 1986 1760 1526 1583 1479 1718 1257 1308 1099 1988 1947 1049 1894 1858 1558 1417 1742 1952 1169 1467 1198 1724 1813 1963 1516 1172 1889 1911 1916 1623 1508 1016 1215 1518 1504 1033 1168 1157 BCNSPRNW ULIB Ver.6.0+V

เปลี่ยนเป็นภาษาไทย

Change to English
 แสดงรายละเอียดบรรณานุกรม
  กลับหน้าหลัก

Brief Record : Get Marc (ISO 2709) : E-mail record : QR code < ปิดหน้าต่าง
LEADER : 00000nam 2200000uu 4500
001    13399112556
003     ULIB
008    110824s2554||||th 000 0 tha d
020    978611000147
090    นว.^bร147ซ 2553
100 0   ร่มแก้ว
245 00 ปฐพีเล่ห์รัก/^cร่มแก้ว
250    พิมพ์ครั้งที่ 1
260    กรุงเทพฯ :^bพิมพ์คำ,^c2554
300    324 หน้า
945    ^p230^l0^i028048
995     เกษร
999     ^aใช้งานได้ทุกระบบ
รายการนี้ยังไม่มีแท็ก
คุณยังไม่ได้ล็อกอิน คุณสามารถมีกิจกรรมร่วมกับเว็บไซต์ได้ แต่ต้องล็อกอินก่อน ::
  ล็อกอิน

รายการสื่อสารสนเทศ

ลำดับที่ ประเภท เลขเรียก/บาร์โค้ด สถานที่ สถานะ
- ไม่พบข้อมูล -

รายการใกล้เคียง
    ผู้แต่ง [ร่มแก้ว]

BibComment


ยังไม่เคยถูกคอมเมนท์

คอมเมนท์ทรัพยากรรายการนี้
  คอมเมนท์: ปฐพีเล่ห์รัก ร่มแ..


 Copyright 2026. Bcnsprnw @Library